000 00564nam a22001817a 4500
005 20251108175236.0
008 250721s1981 xx 000 0 ara d
082 1 4 _a956.011/عمر
100 1 _aعمران، محمود سعيد
245 1 0 _aمعالم تاريخ الإمبراطورية البيزنطية /
264 1 _aبيروت :
_bدار النهضة العربية،
_c1981.
300 _a414 ص.
650 1 7 _aالتاريخ البيزنطي
650 1 7 _aتاريخ آسيا
650 1 7 _aالتاريخ
942 _2ddc
_cBK
999 _c129525
_d129525